Statistiques concernant Qui est-ce ILMS

Cliquez ici pour prendre le quiz!

Statistiques générales

  • Ce quiz a été pris 15 fois
  • Le résultat moyen est 9 sur 15

Statistiques - réponses

HintRéponse% Correct
J'ai cassé mon cadeau de noël en 2 minutesLara
88%
Aussi beau qu'un wagonPaul
88%
10h30 is the new 9hZayad
88%
Je suis un même vivant, et vive les ongles !Océane
75%
Ma formule mathématique préférée : Formule 1Alice
63%
Excusez moi je peux pas venir en cours, j'ai ThailandeKawtar
63%
Je pense que Darmanin serai un meilleur PrésidentLaurine
63%
Futur reine de suède, star des médiasCynthia
50%
Si les RER ne sont pas des Tanks, c'est la faute à ValérieLaura
50%
AFD (alcool, fêtes et drama)Morgann
50%
J'ai un event !Loic
38%
Beauté et ForceMarilou
38%
Je suis toujours bien habillée et coloréeSandrine
38%
Source :Sunny
38%
Une princesse sans bunkerBenjamin
25%

Distribution des résultats

Percentile par nombre de réponses

% des personnes avec chaque résultat

Votre développement - résultats

Vous n’avez pas pris ce quiz